|
|
|
|
| LEADER |
00000nab a2200000 a 4500 |
| 001 |
vtls010348519 |
| 003 |
SK-MaSNL |
| 005 |
20260303093350.0 |
| 008 |
171108c20120321xo drz 0 0slo |
| 038 |
|
|
|a KEVKJB
|
| 040 |
|
|
|a KEVKJB
|b slo
|c KEVKJB
|e AACR2
|
| 041 |
0 |
|
|a slo
|
| 044 |
|
|
|a xo
|c SK
|
| 080 |
|
|
|a 796.86
|2 2001
|
| 100 |
1 |
|
|a Mano, Lukáš,
|d 1992-
|4 aut
|9 703818
|
| 245 |
1 |
0 |
|a Mladí šermiari zdolávajú méty
|b menšinové športy
|c Lukáš Mano
|
| 300 |
|
|
|b Fotogr.
|
| 600 |
1 |
7 |
|a Veselý, Ján
|c šermiar
|2 kevkjb
|9 1067132
|
| 610 |
2 |
7 |
|a Willard Košice
|2 kevkjb
|9 1090529
|
| 610 |
2 |
7 |
|a Šermiarska spoločnosť Willard (Košice, Slovensko)
|2 kevkjb
|9 1066014
|
| 650 |
0 |
7 |
|a šerm
|2 kevkjb
|9 3252
|
| 651 |
|
7 |
|a Košice (Slovensko)
|2 kevkjb
|9 18694
|
| 773 |
0 |
|
|t Košický Korzár
|g Roč. XV., č. 68 (21.3.2012), s. 19
|x 1335-4566
|
| 852 |
|
|
|a KEVKJB
|b KIS3GCP
|
| 999 |
|
|
|c 1815321
|d 1817251
|